ARRUPE JESUIT UNIVERSITY

CORONAVIRUS -STOP THE SPREAD - CLEAN,DISINFECT,COVER

Philosophy and philosophers (Record no. 66115)

MARC details
000 -LEADER
fixed length control field 00558nam a2200229Ia 4500
003 - CONTROL NUMBER IDENTIFIER
control field 0100
008 - FIXED-LENGTH DATA ELEMENTS--GENERAL INFORMATION
fixed length control field 130303s9999 xx 000 0 und d
020 ## - INTERNATIONAL STANDARD BOOK NUMBER
International Standard Book Number 9780140124934
040 ## - CATALOGING SOURCE
Transcribing agency ARRUPELIB
050 ## - LIBRARY OF CONGRESS CALL NUMBER
Classification number B72.S49 1994
300 ## - PHYSICAL DESCRIPTION
Other physical details 348p. 23cm.
100 ## - MAIN ENTRY--PERSONAL NAME
Personal name Shand, John
245 ## - TITLE STATEMENT
Title Philosophy and philosophers
245 ## - TITLE STATEMENT
Remainder of title an introduction to Western philosophy
260 ## - PUBLICATION, DISTRIBUTION, ETC. (IMPRINT)
Place of publication, distribution, etc London
260 ## - PUBLICATION, DISTRIBUTION, ETC. (IMPRINT)
Name of publisher, distributor, etc Penguin
260 ## - PUBLICATION, DISTRIBUTION, ETC. (IMPRINT)
-- 1994
300 ## - PHYSICAL DESCRIPTION
Extent xi
650 ## - SUBJECT ADDED ENTRY--TOPICAL TERM
Topical term following geographic name as entry element Church history--Zambia
650 ## - SUBJECT ADDED ENTRY--TOPICAL TERM
Location of event Missions--Zambia--History
942 ## - ADDED ENTRY ELEMENTS (KOHA)
Source of classification or shelving scheme Library of Congress Classification
Koha issues (borrowed), all copies 6
Holdings
Withdrawn status Lost status Source of classification or shelving scheme Damaged status Not for loan Collection code Home library Current library Shelving location Date acquired Total Checkouts Full call number Barcode Date last seen Date checked out Copy number Price effective from Koha item type
    Library of Congress Classification     Main Collection ARRUPE LIBRARY ARRUPE LIBRARY   05/03/2013 23 B72.S49 1994 46004004700 13/05/2019 26/04/2019 1 05/03/2013 Monograph ( Printed materials)

 

Arrupe Library. PO Box MP320 Mt Pleasant, Harare, Zimbabwe
263 242 745411|librarian@aju.ac.zw